000 00766nam a22002657a 4500
001 7622
003 FISKH
005 20250728105216.0
008 250728b cb ||||| |||| 00| 0 eng d
020 _a9780439543323
040 _aFISKH
_beng
_cFISKH
_dFISKH
050 _aPZ8.K6554 M
082 _a823.914
100 _aKirk, David
245 _aMiss spider's new car /
_cby David Kirk
260 _aNew York :
_bCallaway & Kirk Company,
_c1999.
300 _a14 unnumbered pages : c
_bolor illustrations ;
_c15 x 20 cm
505 _aN
520 _aMiss Spider and her husband go shopping for a car.
521 8 _a590
_bLexile
521 8 _aN
_bRaz-Plus
650 _aAnimal Fantasy
_vBoard Book
_xInsects
942 _2ddc
_cBK
_n0
999 _c7622
_d7622